There when he needs you : how to be an available, involved, and emotionally connected father to your son (Record no. 77660)

MARC details
000 -LEADER
fixed length control field 00755nam a2200229Ia 4500
008 - FIXED-LENGTH DATA ELEMENTS--GENERAL INFORMATION
fixed length control field 191130s2008##################000#0#eng##
020 ## - INTERNATIONAL STANDARD BOOK NUMBER
ISBN 9781416560739
082 ## - DEWEY DECIMAL CLASSIFICATION NUMBER
Classification number 649.10851 BER
100 ## - MAIN ENTRY--AUTHOR NAME
Personal name Bernstein, Neil I
245 ## - TITLE STATEMENT
Title There when he needs you : how to be an available, involved, and emotionally connected father to your son
Statement of responsibility, etc Neil I. Bernstein ; with Brooke Lea Foster
250 ## - EDITION STATEMENT
Edition statement 1st Free Press hardcover ed
260 ## - PUBLICATION, DISTRIBUTION, ETC. (IMPRINT)
Place of publication New York
Name of publisher Free Press
Year of publication 2008
300 ## - PHYSICAL DESCRIPTION
Number of Pages ix, 239 p. ; 24 cm
500 ## - GENERAL NOTE
General note Includes bibliographical references and index
650 ## - SUBJECT ADDED ENTRY--TOPICAL TERM
Topical Term Fathers
Topical Term Fathers and sons
991 ## -
-- 342895
Holdings
Withdrawn status Lost status Damaged status Not for loan Home library Current library Shelving location Date acquired Full call number Accession Number Price effective from Koha item type
        Anna Centenary Library Anna Centenary Library 6TH FLOOR, A WING 09.10.2020 649.10851 BER 448670 09.10.2020 English Books

Find us on the map